000 01635cam a2200289 4500
001 ##L133236
008 060421n2005 000 0 eng u
020 _a1904608272
035 _a(Sirsi) u133236
041 0 _aeng
050 0 4 _a336.2 $2 18
100 1 _aBayley, Carl
245 0 0 _aUsing a property company to save tax
250 _a5th ed.
260 _aKirkcaldy
_bTaxcafe UK
_c2005
300 _a226p.
_c24cm.
350 _a24.95
505 2 _aWhy use a company? -- Plain English guide to company tax -- Different types of property company -- Property rental income and expenses -- Property trading income and expenses -- Corporation Tax on capital gains -- The importance of taper relief -- Stamp Duty for property companies -- VAT and property companies -- Saving tax when you extract profits -- Personal vs. company ownership -- Making the big decision -- How to set up your own property company -- How to put existing property into a company -- Borrowing the tax-efficient way -- Some important tax issues -- Weighing it all up -- Future tax changes
520 _aA practical guide to saving tax by setting up a property company to invest in property. Aims to guide the decision on whether this option is appropriate for the reader's situation. Contains many examples and tips, facts on the drawbacks, and traps to avoid. The author has written a number of tax guides designed specifically for the layman.
590 _aIKA230506
650 2 4 _aCORPORATION TAX
650 2 4 _aSTAMP DUTY
650 2 4 _aVALUE ADDED TAX
651 4 _aUnited Kingdom
_y
690 _aPROPERTY-PROPERTY TAXATION
942 _n0
999 _c105362
_d105362